La realidad social en España (1990-1991) / (Record no. 9503)

MARC details
000 -LEADER
campo de control de longitud fija 00672nam a2200205 i 4500
001 - NÚMERO DE CONTROL
campo de control 9503
003 - IDENTIFICADOR DE NÚMERO DE CONTROL
campo de control ES-MaACL
005 - FECHA Y HORA DE LA ÚLTIMA TRANSACCIÓN
campo de control 20230906145704.0
007 - CAMPO FIJO DE DESCRIPCIÓN FÍSICA--INFORMACIÓN GENERAL
campo de control de longitud fija t|
008 - DATOS DE LONGITUD FIJA--INFORMACIÓN GENERAL
campo de control de longitud fija 931005s1992 sp |||| | spa d
020 ## - NÚMERO INTERNACIONAL ESTÁNDAR DEL LIBRO
Número Internacional Estándar del Libro 84-604-2526-6
080 ## - NÚMERO DE LA CLASIFICACIÓN DECIMAL UNIVERSAL
Número de la Clasificación Decimal Universal 308(46)"1990/1991"
245 03 - MENCIÓN DEL TÍTULO
Título La realidad social en España (1990-1991) /
Mención de responsabilidad, etc. [Centro de Investigaciones sobre la Realidad Social].
260 ## - PUBLICACIÓN, DISTRIBUCIÓN, ETC.
Lugar de publicación, distribución, etc. Bilbao :
Nombre del editor, distribuidor, etc. Fundación BBV,
Fecha de publicación, distribución, etc. D.L. 1992.
300 ## - DESCRIPCIÓN FÍSICA
Extensión XX, 724 p. ;
Dimensiones 24 cm.
651 #4 - PUNTO DE ACCESO ADICIONAL DE MATERIA--NOMBRE GEOGRÁFICO
Nombre geográfico España-
Subdivisión general Situación social-
Subdivisión cronológica 1982-1996.
9 (RLIN) 8508
710 2# - ENTRADA AGREGADA--NOMBRE DE ENTIDAD CORPORATIVA
Nombre de entidad corporativa o nombre de jurisdicción como elemento de entrada Fundación BBV.
9 (RLIN) 4229
710 2# - ENTRADA AGREGADA--NOMBRE DE ENTIDAD CORPORATIVA
Nombre de entidad corporativa o nombre de jurisdicción como elemento de entrada Centro de Investigaciones sobre la Realidad Social.
9 (RLIN) 2707
852 ## - LOCALIZACIÓN
Ubicación ES-MaACL
Número de control de estantería L-16799
Holdings
Estatus retirado Estado de pérdida Estado de daño No para préstamo Biblioteca de origen Biblioteca actual Ubicación en estantería Fecha de adquisición Fuente de adquisición Total de préstamos Signatura topográfica completa Código de barras Visto por última vez Precio de reemplazo Tipo de ítem Koha
        Biblioteca del Ateneo de Madrid Biblioteca del Ateneo de Madrid Depósito 2 17/01/2008     L-16799 1009696 23/02/2023 23/02/2023 Libro impreso